000 00516nam a2200181Ia 4500
005 20250326124344.0
008 250326s9999 xx 000 0 und d
037 _aTextbook
040 _aFMSL
_beng
_cFMSL
041 _aeng
_2eng
084 _aX:74 J0;1
_qFMSL
100 _aTinbergen J
_9122227
245 0 _aDynamics of business cycles
_cTinbergen J; Polak J J
260 _aLondon
_bLondon, Routledge & Kegan Paul
_c1950
300 _a366p
942 _cTB
_hX:74 J0;1
999 _c1273410
_d1273410